The Encyclopedia of Islam. Volume-1 / (Record no. 20343)

MARC details
000 -LEADER
fixed length control field 00510nam a22001817a 4500
003 - CONTROL NUMBER IDENTIFIER
control field BDDh-ASL
005 - DATE AND TIME OF LATEST TRANSACTION
control field 20231015025857.0
008 - FIXED-LENGTH DATA ELEMENTS--GENERAL INFORMATION
fixed length control field 201229s1960 e ||||| |||| 00| 0 eng d
040 ## - CATALOGING SOURCE
Transcribing agency BDDh-ASL
082 ## - DEWEY DECIMAL CLASSIFICATION NUMBER
Classification number 297.04
Item number ENC
245 04 - TITLE STATEMENT
Title The Encyclopedia of Islam. Volume-1 /
Statement of responsibility, etc. Gibb, H. A. R. et. al.
260 ## - PUBLICATION, DISTRIBUTION, ETC.
Place of publication, distribution, etc. Leiden:
Name of publisher, distributor, etc. E. J. Brill,
Date of publication, distribution, etc. 1960
300 ## - PHYSICAL DESCRIPTION
Extent 1359 p.:
Dimensions 26 cm.
650 #0 - SUBJECT ADDED ENTRY--TOPICAL TERM
9 (RLIN) 2222
Topical term or geographic name entry element Encyclopaedia
Form subdivision Encyclopedia
650 #0 - SUBJECT ADDED ENTRY--TOPICAL TERM
9 (RLIN) 1652
Topical term or geographic name entry element Islam
700 1# - ADDED ENTRY--PERSONAL NAME
9 (RLIN) 2655
Personal name Gibb, H. A. R.
942 ## - ADDED ENTRY ELEMENTS (KOHA)
Source of classification or shelving scheme Dewey Decimal Classification
Koha item type Books
Holdings
Withdrawn status Lost status Source of classification or shelving scheme Damaged status Not for loan Collection code Home library Current library Shelving location Date acquired Source of acquisition Serial Enumeration / chronology Total Checkouts Full call number Barcode Date last seen Copy number Price effective from Koha item type Public note
    Dewey Decimal Classification   Not For Loan Non-fiction Asiatic Society Library Asiatic Society Library General Stacks 12/29/2020 ASB Collection V-1   297.04 ENC 103768 12/29/2020 C-1 12/29/2020 Books RARE

Powered by Koha